000 00557nam a22001577a 4500
003 ASAB
005 20180827062840.0
008 180511t xxu||||| |||| 00| 0 eng d
040 _cASAB
100 _aMARYAM PERVAIZ-Sup-Dr. Sobia Manzoor
_93921
245 _aTH-MS-Quantitative Evaluation of P2X Receptors in HCV Associated Type 2 Diabetes Mellitus Patients and Health Controls
_cMARYAM PERVAIZ-Sup-Dr. Sobia Manzoor
260 _aIslamabad
_bASAB (NCVI)
_c2013
300 _axvi, 90 P
_b30 cm
630 _aVirology and Immunology
_93922
942 _2ddc
_cTH
999 _c480861
_d480861